书目信息 |
| 题名: |
药物中间体合成工艺
|
|
| 作者: | 宋传君等 , 陈立功 , 王东华 编著 | |
| 分册: | ||
| 出版信息: | 北京 化学工业出版社 2001 |
|
| 页数: | 199 | |
| 开本: | 20cm | |
| 丛书名: | ||
| 单 册: | ||
| 中图分类: | TQ460.31 | |
| 科图分类: | ||
| 主题词: | 药物--制造--化学工业 | |
| 电子资源: | ||
| ISBN: | 7-5025-3107-6 | |
| 000 | 00697nam0 2200205 450 | |
| 001 | 0754114953 | |
| 005 | 20070929150154.95 | |
| 010 | @a7-5025-3107-6 | |
| 100 | @a20070929d km y0chiy0120 ea | |
| 101 | 0 | @achi |
| 200 | 1 | @a药物中间体合成工艺@Ayao wu zhong jian ti he cheng gong yi@f陈立功,王东华,宋传君等 编著@Fchen li gong,wang dong hua,song chuan jun deng bian zhu |
| 210 | @a北京@c化学工业出版社@d2001 | |
| 215 | @a199@c插图@d20cm | |
| 606 | 0 | @a药物@x制造@x化学工业 |
| 690 | @aTQ460.31@v3 | |
| 701 | 0 | @a宋传君等@Asong chuan jun deng@4编著 |
| 701 | 0 | @a陈立功@Achen li gong@4编著 |
| 701 | 0 | @a王东华@Awang dong hua@4编著 |
| 801 | 0 | @aCN@bPFT@c20070929 |
| 905 | @a213230@dTQ460.31@eh103@f1 | |
| 药物中间体合成工艺/陈立功,王东华,宋传君等 编著.-北京:化学工业出版社,2001 |
| 199:插图;20cm |
| ISBN 7-5025-3107-6: |
| ● |
| 相关链接 |
|
|
|
|
正题名:药物中间体合成工艺
索取号:TQ460.31/h103
 
预约/预借
| 序号 | 登录号 | 条形码 | 馆藏地/架位号 | 状态 | 备注 |
| 1 | 6001560 | 260015600 | 密集书库-化学系/ [索取号:TQ460.31/h103] | 在馆 |